<La> calidad institucional, elemento básico para garantizar la competitividad : (Record no. 17159)
[ view plain ]
| 000 -LEADER | |
|---|---|
| campo de control de longitud fija | 01000nam a2200349Ia 4500 |
| 001 - NÚMERO DE CONTROL | |
| campo de control | 025887 |
| 008 - DATOS DE LONGITUD FIJA--INFORMACIÓN GENERAL | |
| campo de control de longitud fija | 221003s2008 xx 000 0 spa d |
| 035 ## - NÚMERO DE CONTROL DEL SISTEMA | |
| Número de control de sistema | CENDO_17160 |
| 041 ## - CÓDIGO DE IDIOMA | |
| Código de lengua del texto/banda sonora o título independiente | spa |
| 084 ## - OTRO NÚMERO DE CLASIFICACIÓN | |
| Número de clasificación | CD-07950 |
| 245 #0 - MENCIÓN DEL TÍTULO | |
| Título | <La> calidad institucional, elemento básico para garantizar la competitividad : |
| Resto del título | sistema judicial y organismos reguladores |
| 260 ## - PUBLICACIÓN, DISTRIBUCIÓN, ETC. | |
| Lugar de publicación, distribución, etc. | Madrid : |
| Nombre del editor, distribuidor, etc. | Círculo de Empresarios, |
| Fecha de publicación, distribución, etc. | 2008 |
| 300 ## - DESCRIPCIÓN FÍSICA | |
| Extensión | 53 p. ; |
| Dimensiones | 30 cm |
| 490 ## - MENCIÓN DE SERIE | |
| Mención de serie | Documentos Círculo ; |
| Designación de volumen o secuencia | junio/julio 2008 |
| 650 ## - PUNTO DE ACCESO ADICIONAL DE MATERIA--TÉRMINO DE MATERIA | |
| Término de materia o nombre geográfico como elemento de entrada | ECONOMIA |
| 9 (RLIN) | 100 |
| 650 ## - PUNTO DE ACCESO ADICIONAL DE MATERIA--TÉRMINO DE MATERIA | |
| Término de materia o nombre geográfico como elemento de entrada | CRECIMIENTO ECONOMICO |
| 9 (RLIN) | 4413 |
| 650 ## - PUNTO DE ACCESO ADICIONAL DE MATERIA--TÉRMINO DE MATERIA | |
| Término de materia o nombre geográfico como elemento de entrada | COHESION SOCIAL |
| 9 (RLIN) | 1548 |
| 650 ## - PUNTO DE ACCESO ADICIONAL DE MATERIA--TÉRMINO DE MATERIA | |
| Término de materia o nombre geográfico como elemento de entrada | COMPETITIVIDAD |
| 9 (RLIN) | 70 |
| 650 ## - PUNTO DE ACCESO ADICIONAL DE MATERIA--TÉRMINO DE MATERIA | |
| Término de materia o nombre geográfico como elemento de entrada | EMPRESA |
| 9 (RLIN) | 67 |
| 650 ## - PUNTO DE ACCESO ADICIONAL DE MATERIA--TÉRMINO DE MATERIA | |
| Término de materia o nombre geográfico como elemento de entrada | ESTONIA |
| 9 (RLIN) | 13083 |
| 650 ## - PUNTO DE ACCESO ADICIONAL DE MATERIA--TÉRMINO DE MATERIA | |
| Término de materia o nombre geográfico como elemento de entrada | IRLANDA |
| 9 (RLIN) | 238 |
| 650 ## - PUNTO DE ACCESO ADICIONAL DE MATERIA--TÉRMINO DE MATERIA | |
| Término de materia o nombre geográfico como elemento de entrada | CHINA |
| 9 (RLIN) | 577 |
| 650 ## - PUNTO DE ACCESO ADICIONAL DE MATERIA--TÉRMINO DE MATERIA | |
| Término de materia o nombre geográfico como elemento de entrada | ESPAÑA |
| 9 (RLIN) | 9 |
| 710 ## - ENTRADA AGREGADA--NOMBRE DE ENTIDAD CORPORATIVA | |
| Nombre de entidad corporativa o nombre de jurisdicción como elemento de entrada | CIRCULO DE EMPRESARIOS, |
| Término indicativo de función/relación | ed. |
| 9 (RLIN) | 17203 |
| 901 ## - ELEMENTOS DE DATOS A LOCAL LDA (RLIN) | |
| a | 0 |
| 903 ## - ELEMENTOS DE DATOS C LOCAL, LDC (RLIN) | |
| a | NO |
| 904 ## - ELEMENTOS DE DATOS D LOCAL, LDD (RLIN) | |
| a | 000 |
| 953 ## - | |
| -- | 2008-09-23 |
| -- | MONOGRAFIA |
| -- | CD-07950 |
| 910 ## - DATOS DE OPCIÓN DEL USUARIO (OCLC) | |
| Datos de opción del usuario | 2008 |
| 942 ## - ELEMENTOS DE ENTRADA SECUNDARIOS (KOHA) | |
| Tipo de ítem Koha | Monografía |
| Estatus retirado | Estado de pérdida | Estado de daño | No para préstamo | Biblioteca de origen | Biblioteca actual | Fecha de adquisición | Total de préstamos | Signatura topográfica completa | Código de barras | Visto por última vez | Precio de reemplazo | Tipo de ítem Koha |
|---|---|---|---|---|---|---|---|---|---|---|---|---|
| CENDO | CENDO | 23/09/2008 | CD-07950 | CENDO_17160 | 05/10/2022 | 05/10/2022 | Monografía |